00685nam a2200193Ia 4500003000900000008004100009020001800050040001600068080002300084100001600107245019200123260003700315300001400352490005100366650001700417650001800434700001800452700002100470IN-BaIIA211028s9999 xx 000 0 eng d a1-4020-1509-7 cIIA Library a52(082.1)bASS-293 aBertotti, B 0aPhysics of the solar systembdynamics and evolution, space physics and space time structurecB. Bertotti, P. Farinella and D. Vokrouhlicky  aDordrechtbKluwer Academicc2003 axx, 701p. aAstrophysics and space science library; v. 293 aAstrophysics aSpace physics aFarinella, P. aVokrouhlicky, D.